Európa efektívne využívajúca zdroje bakalárska práca

Saved in:
Bibliographic Details
Main Author: Sokol, Marek
Corporate Author: Národohospodárska fakulta EU. Katedra hospodárskej politiky
Other Authors: Vidová, Jarmila, 1967-
Format: Book
Language:Slovak
Published: Bratislava 2018
Tags: Add Tag
No Tags, Be the first to tag this record!

MARC

LEADER 00000nbm a2200000 4500
001 0245884
005 20181214130047.4
041 0 |a slo 
044 |a SK 
245 1 0 |a Európa efektívne využívajúca zdroje  |b bakalárska práca  |c Marek Sokol ; školiteľ: Jarmila Vidová 
264 1 |a Bratislava  |c 2018 
300 |a 45 s. 
100 1 |a Sokol, Marek 
700 1 |a Vidová, Jarmila, 1967- 
710 2 |a Národohospodárska fakulta EU. Katedra hospodárskej politiky